|
|
|
|
| LEADER |
00843ncm a22002292a 4500 |
| 001 |
001126742 |
| 003 |
CZ BrMZK |
| 005 |
20110825102054.0 |
| 007 |
qu |
| 008 |
101109s1954 xr |||||||||||||||||zxx d |
| 040 |
|
|
|a BOA001
|b cze
|
| 072 |
|
7 |
|a 786
|x Hudba pro klávesové nástroje
|2 Konspekt
|9 9
|
| 100 |
1 |
|
|a Kapr, Jan,
|d 1914-1988
|7 jk01052921
|4 cmp
|
| 245 |
1 |
0 |
|a Domov.
|n řada 1
|h [hudebnina] :
|b skladby pro klavír /
|c Jan Kapr
|
| 250 |
|
|
|a 1. vyd.
|
| 260 |
|
|
|a Praha :
|b Státní nakladatelství krásné literatury, hudby a umění,
|c 1954
|
| 300 |
|
|
|a 40 s.
|
| 910 |
|
|
|a BOA001
|b Mus4-0323.112,1
|
| 990 |
|
|
|a MU
|
| 991 |
|
|
|b 201011
|
| 996 |
6 |
|
|b 2619578596
|c Mus4-0323.112,1
|l MZK
|r Sklad / do 1 hodiny
|n 0
|w 001155494
|u 000020
|a 1
|e BOA001
|j MZK50
|s P
|
| 996 |
7 |
|
|b 2619578597
|c Mus4-0323.112,1
|l MZK
|r Sklad / do 1 hodiny
|n 1
|w 001155494
|u 000010
|a 1
|e BOA001
|j MZK50
|s A
|